L'écologie humaine psychologie de l'agir humain

Gardado en:
Detalles Bibliográficos
Autor Principal: Désilets, André
Formato: Libro
Idioma:Undetermined
Publicado: Canada Trityque 1985
Những chủ đề:
Các nhãn: Engadir etiqueta
Sen Etiquetas, Sexa o primeiro en etiquetar este rexistro!
Thư viện lưu trữ: Trung tâm Học liệu Trường Đại học Cần Thơ
LEADER 00506nam a2200181Ia 4500
001 CTU_41558
008 210402s9999 xx 000 0 und d
082 |a 304.2 
082 |b D457 
100 |a Désilets, André 
245 0 |a L'écologie humaine psychologie de l'agir humain 
245 0 |c André Désilets 
260 |a Canada 
260 |b Trityque 
260 |c 1985 
650 |a Human ecology 
904 |i Nguyễn Quang Điền 
980 |a Trung tâm Học liệu Trường Đại học Cần Thơ